| 000 | 00610nam a22001697a 4500 | ||
|---|---|---|---|
| 005 | 20230918113746.0 | ||
| 010 | _aENG-138074 | ||
| 020 |
_a9789390394463 _c750.00 |
||
| 035 | _aEN-121606 | ||
| 037 | _bDBAD/PUB | ||
| 082 | _a500 | ||
| 245 |
_aPerason NEET Foundation : _bPhysics, Chemistry and Biology (Based on NCERT Curriculum)/ |
||
| 260 |
_aUttar Pradesh _bPearson India Education Services Pvt. Ltd. _c2021 |
||
| 270 |
_a15th Floor, Tower- B, World Trade Tower, Plot No. 1, Block-C, Sector-16 _bNoida, Uttar Pradesh _e201301 |
||
| 300 |
_av.p. _c26cm(pbk) |
||
| 942 |
_2ddc _cEN _h500 _mPEA |
||
| 999 |
_c198244 _d198244 |
||